000 00722nam a2200193 a 4500
001 000044065
005 20201002045127.0
008 140515s1971 sp 000 0 spa d
040 _aDO-SdBNP
_bspa
_cBNPHU
100 1 _aAlan Warwick Palmer
_972054
240 1 0 _aDictionary of modern history
_lespañol
245 1 0 _aDiccionario de historia moderna /
_cA. W. Palmer ; traducción de Ana M. Mayench ; revisión y adaptación de Vicente Martínez Santos ; prólogo de Joan Reglá.
260 _aBarcelona :
_bLabor,
_c1971.
300 _a279 p. ;
_c20 cm.
490 1 _aNueva colección labor.
700 1 2 _aMayanch, Ana M.
_etr.
_972055
700 1 2 _aReglá, Joan
_epról.
_972056
830 0 _aNueva colección labor.
_947503
999 _c43554
_d43554